000 00344nam a2200133Ia 4500
008 151001s9999||||xx |||||||||||||| ||und||
100 _aराजेंद्र खेर
245 _aहॉलिवूडचे विनोदवीर
250 _a3
260 _bविहंग
260 _c2014
300 _a175
365 _b21
999 _c1002026
_d1002023